Croatia Players Biggest Transfers - Statistics

General Stats
  • This quiz has been taken 88 times
  • The average score is 100 of 250
Answer Stats
Player From Joined % Correct
CM Luka Modric 12/13 Tottenham Hotspur Real Madrid
99%
CM Luka Modric 08/09 Dinamo Zagreb Tottenham Hotspur
99%
CB Josko Gvardiol 23/24 RB Leipzig Manchester City
97%
CB Josko Gvardiol 21/22 Dinamo Zagreb RB Leipzig
97%
CM Mateo Kovacic 19/20 Real Madrid Chelsea
96%
CM Mateo Kovacic 15/16 Inter Milan Real Madrid
96%
CM Mateo Kovacic 23/24 Chelsea Manchester City
96%
CM Mateo Kovacic 12/13 Dinamo Zagreb Inter Milan
96%
DM Niko Kovac 01/02 Hamburg Bayern Munich
94%
CB Robert Kovac 01/02 Bayer Leverkusen Bayern Munich
94%
LM Ivan Perisic 15/16 Wolfsburg Inter Milan
93%
LM Ivan Perisic 12/13 Borussia Dortmund Wolfsburg
93%
LM Ivan Perisic 19/20 Inter Milan Bayern Munich
93%
LM Ivan Perisic 11/12 Club Brugge Borussia Dortmund
93%
CB Dejan Lovren 14/15 Southampton Liverpool
91%
CB Dejan Lovren 20/21 Liverpool Zenit
91%
CB Dejan Lovren 13/14 Lyon Southampton
91%
CB Dejan Lovren 09/10 Dinamo Zagreb Lyon
91%
CB Dejan Lovren 22/23 Zenit Lyon
91%
CM Ivan Rakitic 14/15 Sevilla Barcelona
87%
CM Ivan Rakitic 07/08 Basel Schalke
87%
CM Ivan Rakitic 20/21 Barcelona Sevilla
87%
CM Ivan Rakitic 10/11 Schalke Sevilla
87%
ST Mario Mandzukic 14/15 Bayern Munich Atletico Madrid
87%
ST Mario Mandzukic 15/16 Atletico Madrid Juventus
87%
ST Mario Mandzukic 12/13 Wolfsburg Bayern Munich
87%
ST Mario Mandzukic 10/11 Dinamo Zagreb Wolfsburg
87%
ST Andrej Kramaric 16/17 Leicester City Hoffenheim
80%
ST Andrej Kramaric 14/15 HNK Rijeka Leicester City
80%
DM Marcelo Brozovic 23/24 Inter Milan Al-Nassr
80%
DM Marcelo Brozovic 16/17 Dinamo Zagreb Inter Milan
80%
DM Marcelo Brozovic 14/15 Dinamo Zagreb Inter Milan
80%
DM Marcelo Brozovic 12/13 Lokomotiva Zagreb Dinamo Zagreb
80%
LW Ante Rebic 20/21 Eintracht Frankfurt Milan
74%
LW Ante Rebic 18/19 Fiorentina Eintracht Frankfurt
74%
LW Ante Rebic 13/14 RNK Split Fiorentina
74%
ST Davor Suker 99/00 Real Madrid Arsenal
68%
ST Davor Suker 96/97 Sevilla Real Madrid
68%
CM Lovro Majer 23/24 Rennes Wolfsburg
68%
CM Lovro Majer 21/22 Dinamo Zagreb Rennes
68%
CM Lovro Majer 18/19 Lokomotiva Zagreb Dinamo Zagreb
68%
LB Borna Sosa 23/24 Stuttgart Ajax
65%
LB Borna Sosa 18/19 Dinamo Zagreb Stuttgart
65%
GK Dominik Livakovic 23/24 Dinamo Zagreb Fenerbahce
65%
CB Duje Caleta-Car 18/19 RB Salzburg Marseille
65%
CB Duje Caleta-Car 22/23 Marseille Southampton
65%
ST Ivica Olic 03/04 Dinamo Zagreb CSKA Moscow
65%
ST Ivica Olic 14/15 Wolfsburg Hamburg
65%
ST Ivica Olic 06/07 CSKA Moscow Hamburg
65%
GK Lovre Kalinic 18/19 Gent Aston Villa
65%
GK Lovre Kalinic 16/17 Hajduk Split Gent
65%
ST Nikola Kalinic 18/19 Fiorentina Milan
65%
ST Nikola Kalinic 18/19 Milan Atletico Madrid
65%
ST Nikola Kalinic 09/10 Hajduk Split Blackburn Rovers
65%
ST Nikola Kalinic 11/12 Blackburn Rovers Dnipro Dnipropetrovsk
65%
ST Nikola Kalinic 15/16 Dnipro Dnipropetrovsk Fiorentina
65%
ST Nikola Kalinic 17/18 Fiorentina Milan
65%
ST Nikola Kalinic 19/20 Atletico Madrid Roma
65%
ST Nikola Kalinic 20/21 Atletico Madrid Hellas Verona
65%
RB Sime Vrsaljko 16/17 Sassuolo Atletico Madrid
65%
RB Sime Vrsaljko 18/19 Atletico Madrid Inter Milan
65%
RB Sime Vrsaljko 14/15 Genoa Sassuolo
65%
RB Sime Vrsaljko 13/14 Dinamo Zagreb Genoa
65%
AM Mario Pasalic 20/21 Chelsea Atalanta
64%
AM Mario Pasalic 18/19 Chelsea Atalanta
64%
AM Mario Pasalic 14/15 Hajduk Split Chelsea
64%
LW Marka Pjaca 16/17 Dinamo Zagreb Juventus
64%
CB Vedran Corluka 08/09 Manchester City Tottenham Hotspur
64%
CB Vedran Corluka 07/08 Dinamo Zagreb Manchester City
64%
CB Vedran Corluka 12/13 Tottenham Hotspur Lokomotiv Moscow
64%
AM Nikola Vlasic 21/22 CSKA Moscow West Ham United
62%
AM Nikola Vlasic 19/20 Everton CSKA Moscow
62%
AM Nikola Vlasic 23/24 West Ham United Torino
62%
AM Nikola Vlasic 17/18 Hajduk Split Everton
62%
CB Domagoj Vida 12/13 Dinamo Zagreb Dynamo Kyiv
57%
CB Domagoj Vida 10/11 Osijek Bayer Leverkusen
57%
RB Josip Juranovic 22/23 Celtic Union Berlin
54%
RB Josip Juranovic 21/22 Legia Warsaw Celtic
54%
LW Mislav Orsic 22/23 Dinamo Zagreb Southampton
52%
LW Mislav Orsic 23/24 Southampton Trabzonspor
52%
CB Bosko Sutalo 22/23 Atalanta Dinamo Zagreb
49%
CB Bosko Sutalo 19/20 Osijek Atalanta
49%
ST Eduardo da Silva 07/08 Dinamo Zagreb Arsenal
49%
ST Eduardo da Silva 10/11 Arsenal Shakhtar Donetsk
49%
CB Josip Sutalo 23/24 Dinamo Zagreb Ajax
49%
ST Ante Budimir 21/22 Mallorca Osasuna
48%
ST Ante Budimir 19/20 Crotone Mallorca
48%
ST Ante Budimir 16/17 Crotone Sampdoria
48%
ST Ante Budimir 18/19 Sampdoria Crotone
48%
CB Tin Jedvaj 14/15 Roma Bayer Leverkusen
46%
CB Tin Jedvaj 13/14 Dinamo Zagreb Roma
46%
CB Tin Jedvaj 21/22 Bayer Leverkusen Lokomotiv Moscow
46%
LB Danijel Pranjic 09/10 Heerenveen Bayern Munich
45%
LW Josip Brekalo 16/17 Dinamo Zagreb Wolfsburg
45%
AM Niko Kranjcar 12/13 Tottenham Hotspur Dynamo Kyiv
45%
AM Niko Kranjcar 06/07 Hajduk Split Portsmouth
45%
AM Niko Kranjcar 09/10 Portsmouth Tottenham Hotspur
45%
GK Stipe Pletikosa 06/07 Shakhtar Donetsk Spartak Moscow
45%
AM Alen Halilovic 16/17 Barcelona Hamburg
42%
AM Alen Halilovic 14/15 Dinamo Zagreb Barcelona
42%
ST Nikica Jelavic 13/14 Everton Hull City
42%
ST Nikica Jelavic 11/12 Rangers Everton
42%
ST Nikica Jelavic 10/11 Rapid Vienna Rangers
42%
ST Nikica Jelavic 15/16 Hull City West Ham United
42%
ST Nikica Jelavic 17/18 Beijing Renhe Guizhou Hengfeng
42%
ST Nikica Jelavic 09/10 Zulte Waregem Rapid Vienna
42%
LB Hrvoje Cale 08/09 Dinamo Zagreb Trabzonspor
39%
ST Marko Livaja 14/15 Atalanta Rubin Kazan
39%
ST Marko Livaja 12/13 Inter Milan Atalanta
39%
ST Marko Livaja 18/19 Las Palmas AEK Athens
39%
CM Marko Rog 20/21 Napoli Cagliari
39%
CM Marko Rog 17/18 Dinamo Zagreb Napoli
39%
CM Marko Rog 15/16 RNK Split Dinamo Zagreb
39%
ST Mladen Petric 08/09 Borussia Dortmund Hamburg
39%
ST Mladen Petric 07/08 Basel Borussia Dortmund
39%
ST Mladen Petric 04/05 Grasshoppers Basel
39%
RB Dario Simic 98/99 Dinamo Zagreb Inter Milan
36%
RB Dario Simic 02/03 Inter Milan Milan
36%
DM Milan Badelj 14/15 Hamburg Fiorentina
36%
DM Milan Badelj 12/13 Dinamo Zagreb Hamburg
36%
DM Milan Badelj 20/21 Lazio Genoa
36%
ST Roko Simic 21/22 Lokomotiva Zagreb RB Salzburg
36%
CB Josip Simunic 09/10 Hertha Berlin Hoffenheim
35%
LW Luka Ivanusec 23/24 Dinamo Zagreb Feyenoord
35%
LW Luka Ivanusec 19/20 Lokomotiva Zagreb Dinamo Zagreb
35%
CB Marin Pongracic 19/20 RB Salzburg Wolfsburg
35%
CM Robert Prosinecki 91/92 Crvena Zvezda Real Madrid
35%
CM Robert Prosinecki 95/96 Real Oviedo Barcelona
35%
CM Robert Prosinecki 97/98 Sevilla Dinamo Zagreb
35%
LB Borna Barisic 18/19 Osijek Rangers
33%
ST Alen Boksic 93/94 Marseille Lazio
32%
ST Alen Boksic 96/97 Lazio Juventus
32%
ST Alen Boksic 00/01 Lazio Middlesbrough
32%
LB Domagoj Bradaric 19/20 Hajduk Split Lille
32%
LB Domagoj Bradaric 22/23 Lille Salernitana
32%
DM Filip Bradaric 18/19 HNK Rijeka Cagliari
32%
DM Filip Bradaric 21/22 Cagliari Al-Ahli
32%
LB Ivan Strinic 10/11 Hajduk Split Dnipro Dnipropetrovsk
32%
CB Igor Tudor 98/99 Hajduk Split Juventus
29%
DM Kristijan Jakic 22/23 Dinamo Zagreb Eintracht Frankfurt
29%
AM Ante Coric 18/19 Dinamo Zagreb Roma
26%
CB Filip Benkovic 18/19 Dinamo Zagreb Leicester City
26%
DM Igor Biscan 00/01 Dinamo Zagreb Liverpool
26%
LB Robert Jarni 98/99 Real Betis Real Madrid
26%
LB Robert Jarni 91/92 Hajduk Split Bari
26%
CM Toma Basic 21/22 Bordeaux Lazio
26%
CM Toma Basic 18/19 Hajduk Split Bordeaux
26%
ST Bosko Balaban 01/02 Dinamo Zagreb Aston Villa
25%
GK Ivo Grbic 20/21 Lokomotiva Zagreb Atletico Madrid
25%
ST Petar Musa 22/23 Boavista Benfica
25%
ST Petar Musa 22/23 Slavia Prague Boavista
25%
RW Mario Stanic 00/01 Parma Chelsea
23%
CB Mario Vuskovic 22/23 Hajduk Split Hamburg
23%
ST Mate Bilic 01/02 Hajduk Split Real Zaragoza
23%
ST Mirko Maric 20/21 Osijek Monza
23%
DM Nikola Moro 20/21 Dinamo Zagreb Dynamo Moscow
23%
DM Nikola Moro 23/24 Dynamo Moscow Bologna
23%
AM Silvio Maric 98/99 Dinamo Zagreb Newcastle United
23%
LM Milan Rapaic 00/01 Perugia Fenerbahce
22%
DM Ognjen Vukojevic 08/09 Dinamo Zagreb Dynamo Kyiv
22%
CB Hrvoje Smolcic 22/23 HNK Rijeka Eintracht Frankfurt
20%
CB Igor Stimac 95/96 Hajduk Split Derby County
20%
CB Martin Erlic 22/23 Spezia Sassuolo
20%
LW Stipe Biuk 22/23 Hajduk Split Los Angeles
20%
ST Dion Beljo 22/23 Osijek Augsburg
19%
ST Duje Cop 17/18 Cagliari Standard Liege
19%
ST Duje Cop 15/16 Dinamo Zagreb Cagliari
19%
ST Marin Ljubicic 22/23 Hajduk Split LASK
19%
LB Robert Ljubicic 22/23 Rapid Vienna Dinamo Zagreb
19%
ST Ivan Santini 19/20 Anderlecht Jiangsu Suning
17%
ST Ivan Santini 18/19 Caen Anderlecht
17%
ST Ivan Santini 16/17 Standard Liege Caen
17%
CB Jakov Medic 23/24 St. Pauli Ajax
17%
LB Josip Pivaric 17/18 Dinamo Zagreb Dynamo Kyiv
17%
CB Matej Mitrovic 16/17 HNK Rijeka Besiktas
17%
CB Matej Mitrovic 18/19 Besiktas Club Brugge
17%
AM Sammir 14/15 Getafe Jiangsu Guoxin Sainty
17%
AM Sammir 13/14 Dinamo Zagreb Getafe
17%
GK Simon Sluga 19/20 HNK Rijeka Luton Town
17%
CM Andrija Balic 15/16 Hajduk Split Udinese
16%
DM Bartol Franjic 22/23 Dinamo Zagreb Wolfsburg
16%
CB Gordon Schildenfeld 12/13 Eintracht Frankfurt Dynamo Moscow
16%
ST Igor Budan 08/09 Parma Palermo
16%
DM Ivan Sunjic 19/20 Dinamo Zagreb Birmingham City
16%
LW Kristijan Lovric 21/22 HNK Gorica Osijek
16%
DM Stanko Juric 21/22 Hajduk Split Parma
16%
CM Ante Palaversa 18/19 Hajduk Split Manchester City
14%
ST Ante Rukavina 08/09 Hajduk Split Panathinaikos
14%
ST Antonio Colak 20/21 HNK Rijeka PAOK
14%
ST Antonio Colak 23/24 Rangers Parma
14%
ST Antonio Colak 22/23 PAOK Rangers
14%
ST Davor Vugrinec 97/98 Varteks Trabzonspor
14%
GK Dominik Kotarski 22/23 HNK Gorica PAOK
14%
GK Dominik Kotarski 17/18 Dinamo Zagreb Ajax
14%
ST Goran Vlaovic 96/97 Padova Valencia
14%
LW Ivo Ilicevic 11/12 Kaiserslautern Hamburg
14%
DM Jerko Leko 03/04 Dinamo Zagreb Dynamo Kyiv
14%
DM Jurica Vranjes 99/00 Osijek Bayer Leverkusen
14%
AM Franko Andrijasevic 17/18 HNK Rijeka Gent
13%
GK Ivica Ivusic 22/23 Osijek Pafos
13%
CB Jozo Simunovic 15/16 Dinamo Zagreb Celtic
13%
GK Matej Delac 10/11 Inter Zapresic Chelsea
13%
CM Nenad Bjelica 98/99 Real Betis Las Palmas
13%
CB Nikola Katic 18/19 Slaven Belupo Rangers
13%
GK Vedran Runje 04/05 Marseille Standard Liege
13%
LW Anas Sharbini 09/10 HNK Rijeka Hajduk Split
12%
LW Anas Sharbini 12/13 Hajduk Split Al-Ittihad
12%
AM Filip Krovinovic 17/18 Rio Ave Benfica
12%
GK Ivan Nevistic 20/21 HNK Rijeka Dinamo Zagreb
12%
ST Ivica Mornar 96/97 Eintracht Frankfurt Sevilla
12%
AM Lovro Zvonarek 22/23 Slaven Belupo Bayern Munich
12%
LM Marko Babic 99/00 Osijek Bayer Leverkusen
12%
RW Mate Baturina 01/02 NK Zagreb Grasshoppers
12%
ST Matija Frigan 23/24 HNK Rijeka Westerlo
12%
CB Mauro Perkovic 23/24 Istra Dinamo Zagreb
12%
DM Nikola Pokrivac 07/08 Dinamo Zagreb Monaco
12%
DM Nikola Pokrivac 09/10 Monaco RB Salzburg
12%
ST Stipe Perica 16/17 Chelsea Udinese
12%
ST Stipe Perica 13/14 Zadar Chelsea
12%
CM Tomislav Dujmovic 10/11 Lokomotiv Moscow Dynamo Moscow
12%
DM Josip Misic 17/18 HNK Rijeka Sporting CP
10%
DM Josip Misic 21/22 Sporting CP Dinamo Zagreb
10%
DM Josip Radosevic 12/13 Hajduk Split Napoli
10%
DM Marko Bulat 20/21 Sibenik Dinamo Zagreb
10%
LB Petar Bockaj 21/22 Osijek Dinamo Zagreb
10%
CB Stjepan Tomas 00/01 Dinamo Zagreb Vicenza
10%
ST Ante Vukusic 12/13 Hajduk Split Pescara
9%
LB Anthony Seric 99/00 Hajduk Split Hellas Verona
9%
LB Anthony Seric 05/06 Lazio Panathinaikos
9%
GK Ivan Vargic 15/16 HNK Rijeka Lazio
9%
RB Karlo Bartolec 19/20 Nordsjaelland Kobenhavn
9%
GK Karlo Letica 18/19 Hajduk Split Club Brugge
9%
CB Ante Majstorovic 20/21 Osijek Shanghai Port
7%
AM Ante Roguljic 13/14 Adriatic Split RB Salzburg
7%
LW Drago Gabric 09/10 Hajduk Split Trabzonspor
7%
CB Goran Sablic 02/03 Hajduk Split Dynamo Kyiv
7%
GK Ivor Pandur 20/21 HNK Rijeka Hellas Verona
7%
CM Robert Mudrazija 18/19 Osijek Kobenhavn
7%
ST Sasa Bjelanovic 02/03 Varteks Como
7%
DM Ivan Mocinic 16/17 HNK Rijeka Rapid Vienna
6%
CB Josip Elez 18/19 HNK Rijeka Hannover
6%
CM Josko Jelicic 97/98 Sevilla Dinamo Zagreb
6%
ST Marko Dugandzic 23/24 Rapid Bucharest Al-Tai
6%
ST Robert Spehar 97/98 Club Brugge Monaco
6%
AM Ivan Fiolic 18/19 Dinamo Zagreb Genk
4%
DM Ivica Banovic 00/01 NK Zagreb Werder Bremen
3%
AM Leon Lalic 23/24 RB Salzburg Lommel
3%
CB Ljubo Puljic 23/24 Osijek Bayern Munich
3%
CB Rocco Zikovic 20/21 Istra RB Salzburg
3%
CM Petar Brlek 17/18 Wisla Krakow Genoa
1%
No matching quizzes found
Score Distribution
Percent of People with Each Score
Percentile by Number Answered
Your Score History
You have not taken this quiz